000 00727nam a2200217 i 4500
001 24064
003 ES-MaACL
005 20250730063050.0
007 t|
008 021213s1859 sp ||||1| spa d
080 _a913(64)
100 1 _aAmor y Mayor, Fernando,
_d1822-1863
_921288
245 1 0 _aRecuerdos de un viaje a Marruecos /
_cpor Fernando Amor.
260 _aSevilla :
_b[s.n.],
_c1859 (
_fImp. de La Andalucía)
300 _a118 p. ;
_c21 cm.
530 _aDisponible en formato digital.
651 4 _aMarruecos-
_xDescripción-
_yS.XIX.
_99026
852 4 _aES-MaACL
_jT-57-F-5
856 4 _uhttp://bdh-rd.bne.es/viewer.vm?id=0000089916&page=1
_zBiblioteca Digital Hispánica
999 _c24064
_d24064